| 000 | 00685nam a2200133Ia 4500 | ||
|---|---|---|---|
| 008 | 220620s9999||||xx |||||||||||||| ||und|| | ||
| 022 | _a16648714 | ||
| 100 | _aTian Zhang||Pier-Luc Tremblay | ||
| 245 | 0 | _aCurrent Challenges and Future Perspectives on Emerging Bioelectrochemical Technologies | |
| 546 | _aEnglish[eng] | ||
| 650 | _aMicrobial Electrosynthesis||bioremediation||C-type cytochromes||Biocathode||extracellular electron transfer||Microbial fuel cell||Microbial catalyst||Bioanode||bioelectrochemical system | ||
| 856 | _uhttp://journal.frontiersin.org/researchtopic/3061/current-challenges-and-future-perspectives-on-emerging-bioelectrochemical-technologies | ||
| 942 | _cEB | ||
| 999 |
_c34923 _d34923 |
||